Heat and mass transfer (Record no. 5861)

000 -LEADER
fixed length control field 00529nam a2200205 4500
001 - CONTROL NUMBER
control field 5861
003 - CONTROL NUMBER IDENTIFIER
control field BD-DhUET
008 - FIXED-LENGTH DATA ELEMENTS--GENERAL INFORMATION
fixed length control field 700409m19679999is a b 000 0 eng
040 ## - CATALOGING SOURCE
Original cataloging agency DLC
Transcribing agency DLC
Modifying agency BD-DhUET
082 00 - DEWEY DECIMAL CLASSIFICATION NUMBER
Classification number 621.011
Item number ECK/1959
100 ## - MAIN ENTRY--PERSONAL NAME
Personal name Eckert, R. R. G.
245 00 - TITLE STATEMENT
Title Heat and mass transfer
250 ## - EDITION STATEMENT
Edition statement 2nd ed.
260 ## - PUBLICATION, DISTRIBUTION, ETC. (IMPRINT)
Place of publication, distribution, etc. New York
Name of publisher, distributor, etc. McGraw-Hill
Date of publication, distribution, etc. 1959
300 ## - PHYSICAL DESCRIPTION
Extent xiv, 530p.
490 1# - SERIES STATEMENT
Series statement McGraw-Hill series in mechanical engineering
650 #0 - SUBJECT ADDED ENTRY--TOPICAL TERM
Topical term or geographic name as entry element Heat-Transmission
700 ## - ADDED ENTRY--PERSONAL NAME
Personal name Drake, Robert M.
942 ## - ADDED ENTRY ELEMENTS (KOHA)
Koha item type General Book
Holdings
Withdrawn status Lost status Damaged status Copy number Piece designation (barcode) Koha date last seen Koha issues (times borrowed) Sublocation or collection (holding branch) Price effective from Source of classification or shelving scheme Koha full call number Koha normalized classification for sorting Koha date last borrowed Location (home branch) Shelving location Not for loan Koha item type Date acquired
    366682014-11-29 Central Library, BUET2014-11-29 621.011/ECK/1959621_011000000000000_ECK_1959 Central Library, BUETCirculation section General Book2014-11-29
   2148842014-12-03 Central Library, BUET2014-12-03 621.011/ECK/1959621_000000000000000_011ECK1959 Central Library, BUETCirculation section General Book2014-12-03
   3113022015-04-12 Central Library, BUET2015-04-12 621.011/ECK/1959621_011000000000000_ECK_1959 Central Library, BUETCirculation section General Book2015-04-12
   4312762015-04-12 Central Library, BUET2015-04-12 621.011/ECK/1959621_011000000000000_ECK_1959 Central Library, BUETCirculation section General Book2015-04-12
   5312742015-04-12 Central Library, BUET2015-04-12 621.011/ECK/1959621_011000000000000_ECK_1959 Central Library, BUETCirculation section General Book2015-04-12
   6312712015-04-12 Central Library, BUET2015-04-12 621.011/ECK/1959621_011000000000000_ECK_1959 Central Library, BUETCirculation section General Book2015-04-12
   7312722015-04-12 Central Library, BUET2015-04-12 621.011/ECK/1959621_011000000000000_ECK_1959 Central Library, BUETCirculation section General Book2015-04-12
   8312772021-11-281Central Library, BUET2015-04-13 621.011/ECK/1959621_011000000000000_ECK_19592020-03-02Central Library, BUETCirculation section General Book2015-04-13
   9113012015-04-13 Central Library, BUET2015-04-13 621.011/ECK/1959621_011000000000000_ECK_1959 Central Library, BUETCirculation section General Book2015-04-13
   10113032015-04-13 Central Library, BUET2015-04-13 621.011/ECK/1959621_011000000000000_ECK_1959 Central Library, BUETCirculation section General Book2015-04-13
   11246252015-04-13 Central Library, BUET2015-04-13 621.011/ECK/1959621_011000000000000_ECK_1959 Central Library, BUETCirculation section General Book2015-04-13
   1276522015-04-13 Central Library, BUET2015-04-13 621.011/ECK/1959621_011000000000000_ECK_1959 Central Library, BUETCirculation section General Book2015-04-13
   13243202015-04-13 Central Library, BUET2015-04-13 621.011/ECK/1959621_011000000000000_ECK_1959 Central Library, BUETCirculation section General Book2015-04-13
   14249762015-04-13 Central Library, BUET2015-04-13 621.011/ECK/1959621_011000000000000_ECK_1959 Central Library, BUETCirculation section General Book2015-04-13
   15312752015-04-13 Central Library, BUET2015-04-13 621.011/ECK/1959621_011000000000000_ECK_1959 Central Library, BUETCirculation section General Book2015-04-13
   1676552015-06-16 Central Library, BUET2015-06-16 621.011/ECK/1959621_011000000000000_ECK_1959 Central Library, BUETReading section General Book2015-06-16